|
|
|
|
| LEADER |
00000nab a2200000 a 4500 |
| 001 |
vtls000148686 |
| 003 |
SK-MaSNL |
| 005 |
20260304183104.0 |
| 008 |
250423c1983 xo 0 slo |
| 015 |
|
|
|a SNBRB19rr/mm-uuuuu
|
| 035 |
|
|
|a CL0158793
|
| 035 |
|
|
|a urn:nbn:sk:snk-abbc77
|
| 035 |
|
|
|a (urnnbn)urn:nbn:sk:snk:ar-00580q
|
| 035 |
|
|
|a (uuid)a1601913-daff-44f7-9263-299fece259c7
|
| 040 |
|
|
|a SNKBUCL
|b slo
|c SNKBUCL
|e AACR2
|
| 041 |
0 |
|
|a slo
|
| 044 |
|
|
|a xo
|c SK
|
| 080 |
|
|
|a 631
|2 1981
|
| 080 |
|
|
|a 62.001.7
|2 1981
|
| 080 |
|
|
|a 608
|2 1981
|
| 080 |
|
|
|a 061.2
|2 1981
|
| 100 |
1 |
|
|a Majerčiak, Pavel,
|d 1924-1998
|4 aut
|9 38284
|
| 245 |
1 |
0 |
|a Práca, skúsenosti a výsledky
|c Pavol Majerčiak
|
| 300 |
|
|
|b Obr. 1.
|
| 610 |
2 |
7 |
|a Československá vedecko-technická spoločnosť
|2 snkbucl
|9 440198
|
| 650 |
0 |
7 |
|a poľnohospodárstvo
|2 snkbucl
|9 679
|
| 650 |
0 |
7 |
|a vedecko-technický rozvoj
|2 snkbucl
|9 3999
|
| 655 |
|
7 |
|a články z novín a časopisov
|2 snkbucl
|9 267496
|
| 773 |
0 |
|
|t Technická práca
|g Roč. 35, č. 4 (1983), s. 79-82
|
| 850 |
|
|
|a Slovenská národná knižnica
|
| 852 |
|
|
|a Slovenská národná knižnica
|
| 954 |
|
|
|a odborná, vedecká literatúra pôvodná (slovenská)
|2 lita
|
| 958 |
|
|
|a article15
|
| 958 |
|
|
|a RK
|
| 958 |
|
|
|a OND
|
| 958 |
|
|
|a EUIPO
|
| 992 |
|
|
|a RBX
|
| 999 |
|
|
|c 3033113
|d 3035043
|